| 000 -CABECERA |
| fixed length control field |
00988nam a22002177a 4500 |
| 003 - IDENTIFICADOR DEL NÚMERO DE CONTROL |
| control field |
AR-CdUCM |
| 008 - DATOS DE LONGITUD FIJA--INFORMACIÓN GENERAL |
| fixed length control field |
190226b ||||| |||| 00| 0 spa d |
| 040 ## - FUENTE DE LA CATALOGACIÓN |
| Agencia/entidad que catalogó originalmente la obra |
MUNICIPALIDAD PROVINCIAL DEL CUSCO |
| Entidad que transcribió la catalogación |
BIBLIOTECA MUNICIPAL DEL CUSCO |
| 082 ## - NÚMERO DE LA CLASIFICACIÓN DECIMAL DEWEY |
| No. de Clasificación |
335.4092 / |
| Notacion interna |
M84 |
| 100 ## - ENTRADA PRINCIPAL--NOMBRE DE PERSONA |
| Nombre Personal |
Mondolfo, Rodolfo |
| 245 ## - MENCIÓN DE TÍTULO |
| Título |
Feuerbach y Marx : |
| Resto del título |
La dialéctica y el concepto Marxista de la historia / |
| Mención de responsabilidad |
Mondolfo, Rodolfo ; Alberti, M. (traductor) |
| 260 ## - PUBLICACIÓN, DISTRIBUCIÓN, ETC. |
| Lugar de publicación, distribución, etc. |
Buenos Aires - Argentina : |
| Nombre de la editorial, distribuidor, etc. |
Ed. Claridad "Manuales de Cultura Marxista", |
| Fecha de publicación, distribución, etc. |
1900. |
| 300 ## - DESCRIPCIÓN FÍSICA |
| Nº de Páginas Extensión |
142 páginas ; |
| Dimensiones |
19 cm. |
| 505 ## - NOTA DE CONTENIDO CON FORMATO |
| Nota de contenido formateada |
Las notas críticas de Marx sobre Feuerbach -- teoría del conocimiento y problema del ser -- la concepción de la praxis -- praxis y teoría -- la concepción del hombre -- individuo, sociedad y especie |
| 650 ## - PUNTO DE ACCESO ADICIONAL DE MATERIA--TÉRMINO DE MATERIA |
| Descriptor |
Materialismo histórico. |
| 9 (RLIN) |
4121 |
| 650 ## - PUNTO DE ACCESO ADICIONAL DE MATERIA--TÉRMINO DE MATERIA |
| Descriptor |
Marxismo. |
| 9 (RLIN) |
24 |
| 650 ## - PUNTO DE ACCESO ADICIONAL DE MATERIA--TÉRMINO DE MATERIA |
| Descriptor |
Siglo XX. |
| 9 (RLIN) |
8 |
| 700 ## - PUNTO DE ACCESO ADICIONAL--NOMBRE DE PERSONA |
| Nombre Personal |
Alberti, M. (traductor) |
| 9 (RLIN) |
4122 |
| 942 ## - ELEMENTOS DE PUNTO DE ACCESO ADICIONAL (KOHA) |
| Fuente de clasificación |
|
| Tipo de item |
Libros-BMC |
| 945 ## - PROCESAMIENTO DE INFORMACIÓN LOCAL (OCLC) |
| Catalogador |
achl |
| AAAA-MM-DD - Fecha de ingreso o modificacion |
2019-02-26 |